[Event "Moscow Botvinnik Memorial Cup"]
[Site "Moscow"]
[Date "2022.08.22"]
[Round "8.2"]
[White "Sezdbekova, Aizhan"]
[Black "Harutjunyan, Gevorg"]
[Result "0-1"]
[WhiteElo "1444"]
[BlackElo "2404"]
[PlyCount "88"]
[EventDate "2022.08.18"]
[EventType "team-tourn"]
[EventRounds "9"]
[EventCountry "RUS"]
[SourceTitle "CBM 209 Extra"]
[Source "ChessBase"]
[SourceDate "2022.09.30"]
[SourceVersion "1"]
[SourceVersionDate "2022.09.30"]
[SourceQuality "1"]
[WhiteTeam "Kyrgyzstan"]
[BlackTeam "Armenia"]
[WhiteTeamCountry "KGZ"]
[BlackTeamCountry "ARM"]

1. e4 c6 2. d4 d5 3. f3 e5 4. Ne2 dxe4 5. fxe4 Qh4+ 6. Ng3 Bd6 7. d5 Nf6 8. Nd2 Bg4 9. Nf3 Bxf3 10. Qxf3 cxd5 11. Bb5+ Nc6 12. 0-0 0-0 13. Bxc6 bxc6 14. Nf5 Bc5+ 15. Be3 Bxe3+ 16. Qxe3 Ng4 17. Nxh4 Nxe3 18. Rf2 d4 19. Nf5 Nxf5 20. Rxf5 f6 21. Rf3 Rab8 22. Rb3 c5 23. Rxb8 Rxb8 24. b3 h5 25. Kf2 Kf7 26. Ke2 Ke6 27. Kd3 g6 28. Kc4 f5 29. Re1 h4 30. Re2 Kd6 31. Rf2 Rb4+ 32. Kd3 Ke6 33. a3 c4+ 34. Ke2 Rb6 35. exf5+ gxf5 36. bxc4 Rb2 37. Kd2 e4 38. Kc1 Ra2 39. Rf4 Ke5 40. Rxh4 e3 41. Kd1 Ra1+ 42. Ke2 Rc1 43. g4 Rxc2+ 44. Ke1 d3 0-1

[Event "Olympiad Women-44"]
[Site "Chennai"]
[Date "2022.08.02"]
[Round "5.4"]
[White "Aishath, Alya Mohamed Sharee"]
[Black "Sezdbekova, Aizhan"]
[Result "0-1"]
[WhiteElo "1110"]
[BlackElo "1615"]
[PlyCount "86"]
[EventDate "2022.07.29"]
[EventType "team-swiss"]
[EventRounds "11"]
[EventCountry "IND"]
[SourceTitle "CBM 210"]
[Source "ChessBase"]
[SourceDate "2022.10.31"]
[SourceVersion "1"]
[SourceVersionDate "2022.10.31"]
[SourceQuality "1"]
[WhiteTeam "Maldives (W)"]
[BlackTeam "Kyrgyzstan (W)"]
[WhiteTeamCountry "MDV"]
[BlackTeamCountry "KGZ"]

1. d4 Nf6 2. Bf4 e6 3. Nf3 b6 4. e3 Bb7 5. Bd3 Be7 6. Nbd2 d5 7. c3 h6 8. Ne5 a6 9. Qc2 Nbd7 10. Ndf3 Nxe5 11. Nxe5 Nd7 12. Qe2 Nxe5 13. Bxe5 Bf6 14. Bg3 c5 15. f4 g6 16. Qf3 Bg7 17. h3 Rc8 18. Rc1 cxd4 19. exd4 Bxd4 20. Bf2 Bxf2+ 21. Qxf2 Rc6 22. Rd1 Qf6 23. 0-0 0-0 24. Rfe1 Rd6 25. Rd2 Rfd8 26. Red1 d4 27. Be2 b5 28. a3 Be4 29. cxd4 Bd5 30. g3 Bb3 31. Re1 Rxd4 32. Rxd4 Qxd4 33. Qxd4 Rxd4 34. Kf2 Rd2 35. Rc1 Bc4 36. Re1 Rxb2 37. Kf1 Bxe2+ 38. Rxe2 Rb3 39. Kf2 Rxa3 40. Re3 b4 41. Re2 b3 42. Rb2 Ra2 43. Rxa2 bxa2 0-1

[Event "World Cup U12 Girls Prel"]
[Site "Tornelo INT"]
[Date "2021.08.16"]
[Round "3"]
[White "Enerel, Ariunbold"]
[Black "Sezdbekova, Aizhan"]
[Result "0-1"]
[WhiteElo "1228"]
[BlackElo "1431"]
[PlyCount "48"]
[EventDate "2021.08.16"]
[EventType "swiss (rapid)"]
[EventRounds "10"]
[EventCountry "NET"]
[SourceTitle "EXT 2025"]
[Source "ChessBase"]
[SourceDate "2024.10.14"]
[SourceVersion "1"]
[SourceVersionDate "2024.10.14"]
[SourceQuality "1"]

1. d4 Nf6 2. Nf3 d5 3. Bf4 e6 4. e3 c5 5. c4 Nc6 6. Nc3 Be7 7. Be2 a6 8. Rc1 cxd4 9. Nxd4 Nxd4 10. Qxd4 0-0 11. Bf3 dxc4 12. Qxc4 Nd7 13. Bc7 Qe8 14. 0-0 Kh8 15. Rfd1 e5 16. Nd5 Nf6 17. Nxe7 Qxe7 18. Bd6 Qe8 19. Bxf8 Qxf8 20. Qc7 Be6 21. Bxb7 Rb8 22. b3 h6 23. Bxa6 e4 24. Qd6 Qg8 0-1

[Event "World Cup U12 Girls Prel"]
[Site "Tornelo INT"]
[Date "2021.08.16"]
[Round "7"]
[White "Kirtadze, Anastasia"]
[Black "Sezdbekova, Aizhan"]
[Result "1/2-1/2"]
[WhiteElo "1719"]
[BlackElo "1431"]
[PlyCount "121"]
[EventDate "2021.08.16"]
[EventType "swiss (rapid)"]
[EventRounds "10"]
[EventCountry "NET"]
[SourceTitle "EXT 2025"]
[Source "ChessBase"]
[SourceDate "2024.10.14"]
[SourceVersion "1"]
[SourceVersionDate "2024.10.14"]
[SourceQuality "1"]

1. c4 f5 2. Nc3 Nf6 3. g3 g6 4. Bg2 Bg7 5. d4 d6 6. Nh3 c6 7. d5 0-0 8. 0-0 Bd7 9. Nf4 Na6 10. Qc2 Nc5 11. b4 Nce4 12. Nxe4 fxe4 13. Bb2 cxd5 14. Nxd5 e6 15. Nxf6+ Bxf6 16. Bxe4 Rc8 17. Bxf6 Qxf6 18. Qd3 Bc6 19. Rac1 Bxe4 20. Qxe4 Rc6 21. b5 Rc7 22. Qd3 d5 23. cxd5 Rxc1 24. Rxc1 Qxf2+ 25. Kh1 exd5 26. Qxd5+ Kh8 27. Qc5 Qf7 28. Qd4+ Kg8 29. Qc4 Qxc4 30. Rxc4 Rf7 31. Kg2 Kg7 32. a4 h6 33. e4 b6 34. e5 Re7 35. Re4 Kf7 36. Rf4+ Kg7 37. Re4 Kf7 38. Kf3 Ke6 39. Rg4 g5 40. Rc4 Kxe5 41. Re4+ Kf6 42. Rxe7 Kxe7 43. Ke4 Ke6 44. g4 Kd6 45. Kf5 Kc5 46. Kg6 Kb4 47. Kxh6 Kxa4 48. Kxg5 Kxb5 49. Kf5 a5 50. Ke4 a4 51. Kd3 Kc5 52. h4 Kd5 53. h5 Ke5 54. h6 Kf6 55. g5+ Kg6 56. Kc4 b5+ 57. Kb4 Kh7 58. Ka3 Kg6 59. Kb4 Kh7 60. Ka3 Kg6 61. Kb4 1/2-1/2